[Event "FRA-chT rapid"]
[Site "Cappelle la Grande"]
[Date "2025.04.20"]
[Round "7.11"]
[White "Roger, Mehdi"]
[Black "Marchyllie, Bruno"]
[Result "1/2-1/2"]
[WhiteElo "2111"]
[BlackElo "2048"]
[PlyCount "69"]
[EventDate "2025.04.19"]
[EventType "team-swiss (rapid)"]
[EventRounds "15"]
[EventCountry "FRA"]
[SourceTitle "CB17_2025"]
[SourceDate "2025.04.23"]
[SourceVersion "1"]
[SourceVersionDate "2025.04.23"]
[SourceQuality "1"]

1. e4 g6 2. d4 Bg7 3. Nc3 d6 4. Be3 Nc6 5. f3 e5 6. d5 Nce7 7. Qd2 f5 8. 0-0-0 a6 9. Kb1 b5 10. Bd3 Bd7 11. Nh3 f4 12. Bf2 Bxh3 13. gxh3 Qd7 14. h4 Nf6 15. Ne2 0-0 16. Nc1 a5 17. Bf1 Rfb8 18. Qd3 b4 19. Bg2 Nc8 20. Qf1 Nb6 21. Bh3 Qe8 22. Be6+ Kh8 23. Bxb6 Rxb6 24. Qc4 Qe7 25. Rd3 Raa6 26. Bc8 Ra7 27. Rhd1 Nh5 28. Bg4 Qxh4 29. Bxh5 Qxh5 30. Nb3 Qxh2 31. Nxa5 Bf6 32. Nc6 Rab7 33. Na5 Ra7 34. Nc6 Rab7 35. Na5 1/2-1/2

[Event "Cappelle op 40th"]
[Site "Cappelle la Grande"]
[Date "2024.03.02"]
[Round "1"]
[White "Sasikiran, Krishnan"]
[Black "Marchyllie, Bruno"]
[Result "1-0"]
[WhiteElo "2578"]
[BlackElo "2115"]
[PlyCount "111"]
[EventDate "2024.03.02"]
[EventType "swiss"]
[EventRounds "9"]
[EventCountry "FRA"]
[SourceTitle "CBM 219 Extra"]
[Source "ChessBase"]
[SourceDate "2024.05.31"]
[SourceVersion "1"]
[SourceVersionDate "2024.05.31"]
[SourceQuality "1"]

1. e4 e5 2. Nf3 Nc6 3. Bb5 a6 4. Ba4 d6 5. 0-0 Bd7 6. c3 Be7 7. d4 Nf6 8. Re1 0-0 9. h3 Re8 10. Bc2 Bf8 11. Nbd2 g6 12. Nf1 Bg7 13. Ng3 h6 14. Be3 Qe7 15. Qd2 Qf8 16. Rad1 Rad8 17. Qc1 Bc8 18. a3 Nd7 19. b4 Ne7 20. Bb3 Kh7 21. dxe5 Nxe5 22. Nxe5 dxe5 23. Qc2 f5 24. exf5 Bxf5 25. Nxf5 Nxf5 26. Bc5 Qf6 27. Qe4 b6 28. Be3 Nxe3 29. Qxe3 Rxd1 30. Rxd1 Rd8 31. Rxd8 Qxd8 32. Bc2 Qh4 33. Qe2 Qg5 34. g3 e4 35. Qxe4 Bxc3 36. h4 Qf6 37. h5 Kg7 38. hxg6 Bd4 39. Qe2 Qe5 40. Qf3 Qf6 41. Bf5 Qe5 42. Kg2 Qd6 43. Bd3 Bf6 44. Bxa6 Qe7 45. Bd3 Qd6 46. Be4 Qe7 47. Qd3 Qe5 48. Qc4 Qe7 49. Bf5 Be5 50. a4 Qf6 51. Be4 h5 52. a5 bxa5 53. bxa5 h4 54. a6 hxg3 55. fxg3 Bxg3 56. Qf7+ 1-0

[Event "Cappelle Online Blitz op"]
[Site "Europe Echecs INT"]
[Date "2021.03.07"]
[Round "9"]
[White "Jacquot, David"]
[Black "Marchyllie, Bruno"]
[Result "0-1"]
[WhiteElo "1830"]
[BlackElo "2127"]
[PlyCount "78"]
[EventDate "2021.03.07"]
[EventType "swiss (blitz)"]
[EventRounds "11"]
[EventCountry "FRA"]
[SourceTitle "CBM 201 Extra"]
[Source "ChessBase"]
[SourceDate "2021.05.31"]
[SourceVersion "1"]
[SourceVersionDate "2021.05.31"]
[SourceQuality "1"]

1. d4 b6 2. c3 Bb7 3. Nf3 f5 4. Bg5 Nf6 5. Nbd2 d6 6. e3 h6 7. Bh4 g5 8. Bg3 Bg7 9. Bc4 Qd7 10. Qb3 Rf8 11. 0-0-0 c6 12. Be6 Qc7 13. Bxf5 Nbd7 14. Bg6+ Kd8 15. Rhe1 a5 16. e4 a4 17. Qc2 a3 18. b3 Ne8 19. Bxe8 Rxe8 20. e5 Bf8 21. exd6 exd6 22. Rxe8+ Kxe8 23. Qg6+ Kd8 24. Re1 Be7 25. Ne4 Nf8 26. Qxh6 Kd7 27. Nexg5 c5 28. Qg7 Re8 29. Nh4 Kd8 30. Nf5 cxd4 31. Nxe7 Qxc3+ 32. Kd1 Qa1+ 33. Kd2 Qxa2+ 34. Kd3 Qxb3+ 35. Kd2 Qc3+ 36. Kd1 Qxe1+ 37. Kxe1 Rxe7+ 38. Qxe7+ Kxe7 39. Ne4 Bxe4 0-1

[Event "Cappelle Online Blitz op"]
[Site "Europe Echecs INT"]
[Date "2021.03.07"]
[Round "2"]
[White "Marchyllie, Bruno"]
[Black "Nevednichy, Vladislav"]
[Result "1/2-1/2"]
[WhiteElo "2127"]
[BlackElo "2533"]
[PlyCount "71"]
[EventDate "2021.03.07"]
[EventType "swiss (blitz)"]
[EventRounds "11"]
[EventCountry "FRA"]
[SourceTitle "CBM 201 Extra"]
[Source "ChessBase"]
[SourceDate "2021.05.31"]
[SourceVersion "1"]
[SourceVersionDate "2021.05.31"]
[SourceQuality "1"]

1. e4 c5 2. d4 cxd4 3. c3 dxc3 4. Nxc3 Nc6 5. Bc4 e6 6. Nf3 d6 7. 0-0 a6 8. Qe2 b5 9. Bb3 Ra7 10. Rd1 Rd7 11. Ng5 Nf6 12. f4 Na5 13. Bxe6 fxe6 14. Nxe6 Qb6+ 15. Be3 Qb8 16. Nd5 Rf7 17. f5 Nc4 18. Bd4 h5 19. b3 Ne5 20. Rac1 Bxe6 21. fxe6 Rb7 22. Nxf6+ gxf6 23. Bxe5 fxe5 24. Rc6 Rc7 25. Rxa6 Be7 26. Rf1 Rh6 27. Rf5 Rxe6 28. Qxh5+ Kd7 29. Rf7 Rc1+ 30. Kf2 Qc7 31. Rxe7+ Rxe7 32. Qf5+ Re6 33. Qf7+ Re7 34. Qf5+ Re6 35. Qf7+ Re7 36. Qf5+ 1/2-1/2

[Event "Cappelle Online Blitz op"]
[Site "Europe Echecs INT"]
[Date "2021.03.07"]
[Round "1"]
[White "Savic, Natasa"]
[Black "Marchyllie, Bruno"]
[Result "0-1"]
[WhiteElo "1394"]
[BlackElo "2127"]
[PlyCount "96"]
[EventDate "2021.03.07"]
[EventType "swiss (blitz)"]
[EventRounds "11"]
[EventCountry "FRA"]
[SourceTitle "CBM 201 Extra"]
[Source "ChessBase"]
[SourceDate "2021.05.31"]
[SourceVersion "1"]
[SourceVersionDate "2021.05.31"]
[SourceQuality "1"]

1. e4 b6 2. d4 Bb7 3. d5 e6 4. c4 Nf6 5. Nc3 Bb4 6. Bd3 e5 7. a3 Bxc3+ 8. bxc3 d6 9. Nf3 Nbd7 10. 0-0 0-0 11. h3 Nc5 12. Bg5 h6 13. Bh4 a5 14. Qd2 Nb3 15. Qe3 Nxa1 16. Rxa1 Bc8 17. Bg3 Nh5 18. Bh4 Qe8 19. g4 Nf4 20. Kh2 f6 21. Rg1 Qa4 22. Bg3 Ba6 23. Bxf4 exf4 24. Qxf4 Bxc4 25. Bxc4 Qxc4 26. Nh4 Qxc3 27. Rg3 Qe5 28. Qf3 Rfe8 29. Ng6 Qxe4 30. Qxe4 Rxe4 31. Rc3 Rc8 32. f3 Re1 33. Kg2 Kf7 34. Nf4 Re5 35. Rd3 g5 36. Ne6 Rxd5 37. Rxd5 Kxe6 38. Rd3 c5 39. Kf2 d5 40. Re3+ Kd6 41. Ke2 b5 42. Kd2 b4 43. a4 d4 44. Rd3 Kd5 45. Kc2 c4 46. Rd1 Re8 47. Kd2 c3+ 48. Kc2 Re2+ 0-1

[Event "Cappelle Online Bullet op"]
[Site "Europe Echecs INT"]
[Date "2021.03.05"]
[Round "13"]
[White "Enchev, Ivajlo"]
[Black "Marchyllie, Bruno"]
[Result "1-0"]
[WhiteElo "2501"]
[BlackElo "2127"]
[PlyCount "52"]
[EventDate "2021.03.05"]
[EventType "swiss (blitz)"]
[EventRounds "15"]
[EventCountry "FRA"]
[SourceTitle "EXT 2022"]
[Source "ChessBase"]
[SourceDate "2021.10.06"]
[SourceVersion "1"]
[SourceVersionDate "2021.10.06"]
[SourceQuality "1"]

1. b3 e5 2. Bb2 Nc6 3. e3 Nf6 4. Bb5 d6 5. Nf3 Bd7 6. d4 Be7 7. dxe5 Nxe5 8. Bxd7+ Nfxd7 9. 0-0 0-0 10. Nxe5 Nxe5 11. Nd2 Bf6 12. Qc1 Qe7 13. Ne4 d5 14. Nxf6+ Qxf6 15. f4 Qb6 16. fxe5 c5 17. Kh1 d4 18. exd4 cxd4 19. Qd2 Rac8 20. Rf4 Rfd8 21. Rxd4 Rxd4 22. Qxd4 Qg6 23. c4 h5 24. Rd1 Qg5 25. h3 h4 26. Qg4 Qd8 1-0

[Event "Cappelle Online Bullet op"]
[Site "Europe Echecs INT"]
[Date "2021.03.05"]
[Round "14"]
[White "Marchyllie, Bruno"]
[Black "Buksa, Nataliya"]
[Result "0-1"]
[WhiteElo "2127"]
[BlackElo "2419"]
[PlyCount "112"]
[EventDate "2021.03.05"]
[EventType "swiss (blitz)"]
[EventRounds "15"]
[EventCountry "FRA"]
[SourceTitle "EXT 2022"]
[Source "ChessBase"]
[SourceDate "2021.10.06"]
[SourceVersion "1"]
[SourceVersionDate "2021.10.06"]
[SourceQuality "1"]

1. e4 c5 2. d4 a6 3. Nf3 cxd4 4. c3 dxc3 5. Nxc3 e6 6. Bc4 Nf6 7. Qe2 d6 8. 0-0 Be7 9. Rd1 Nbd7 10. Bf4 0-0 11. e5 dxe5 12. Nxe5 Qe8 13. Nxf7 Rxf7 14. Bxe6 Nf8 15. Bxf7+ Qxf7 16. Rac1 Bg4 17. f3 Be6 18. Re1 Bc5+ 19. Kh1 Rd8 20. Be5 N8d7 21. Ne4 Nxe5 22. Nxc5 Nxf3 23. Qxf3 Bd5 24. Qe2 h6 25. Rcd1 Qg6 26. Nd3 Re8 27. Qf2 Rxe1+ 28. Nxe1 Bxa2 29. Nf3 Bd5 30. Qc5 Qe4 31. Rxd5 Nxd5 32. Qc8+ Kh7 33. Qxb7 Qb1+ 34. Ng1 Nf6 35. Qf3 Qe4 36. h3 Qxf3 37. Nxf3 Nd5 38. Ne5 Ne3 39. Nc4 Nxc4 40. b3 Nd2 41. b4 Nc4 42. b5 axb5 43. Kg1 b4 44. Kf2 b3 45. Ke2 b2 46. Kd1 b1Q+ 47. Ke2 Qe4+ 48. Kd1 Qe3 49. Kc2 Nb2 50. Kxb2 Qf2+ 51. Kc3 Qxg2 52. Kd4 Qxh3 53. Ke5 Qh4 54. Ke6 Qg5 55. Kf7 h5 56. Kf8 h4 0-1

[Event "Cappelle Online Bullet op"]
[Site "Europe Echecs INT"]
[Date "2021.03.05"]
[Round "5"]
[White "Marchyllie, Bruno"]
[Black "Douchez, Tony"]
[Result "1/2-1/2"]
[WhiteElo "2127"]
[BlackElo "1674"]
[PlyCount "119"]
[EventDate "2021.03.05"]
[EventType "swiss (blitz)"]
[EventRounds "15"]
[EventCountry "FRA"]
[SourceTitle "EXT 2022"]
[Source "ChessBase"]
[SourceDate "2021.10.06"]
[SourceVersion "1"]
[SourceVersionDate "2021.10.06"]
[SourceQuality "1"]

1. e4 e5 2. Nf3 Nc6 3. Nc3 Nf6 4. Bb5 a6 5. Bxc6 dxc6 6. Nxe5 Bc5 7. 0-0 Bd4 8. Nf3 0-0 9. d3 Bg4 10. h3 Bh5 11. Bg5 h6 12. Bh4 g5 13. Bg3 Bg6 14. e5 Bxc3 15. bxc3 Nd5 16. Qd2 Re8 17. Rfe1 Re6 18. c4 Ne7 19. d4 Nf5 20. c3 Nxg3 21. fxg3 b6 22. Nh2 Re8 23. Ng4 Re6 24. Nxh6+ Kg7 25. Ng4 Kg8 26. Nf6+ Rxf6 27. exf6 Qxf6 28. Rf1 Qe6 29. Qxg5 Qxc4 30. h4 Qd5 31. Qxd5 cxd5 32. Rae1 Rc8 33. Re5 Be4 34. Re7 Bg6 35. g4 Rf8 36. h5 Bd3 37. Rf6 Kg7 38. g5 Be4 39. h6+ Kh7 40. Rfxf7+ Rxf7 41. Rxf7+ Kg6 42. Rg7+ Kh5 43. h7 Bxh7 44. Rxh7+ Kxg5 45. Rxc7 Kf4 46. Rc6 Ke4 47. Rxb6 a5 48. Ra6 a4 49. Rxa4 Kd3 50. Ra5 Kxc3 51. Rxd5 Kc4 52. Rd8 Kb4 53. g4 Ka3 54. g5 Kb2 55. g6 Ka1 56. g7 Kb1 57. g8Q Ka1 58. Qc4 Kb2 59. Rb8+ Ka1 60. a4 1/2-1/2

[Event "Cappelle Online Blitz op 1st"]
[Site "Europe Echecs INT"]
[Date "2021.01.10"]
[Round "10"]
[White "Osmak, Iulija"]
[Black "Marchyllie, Bruno"]
[Result "1-0"]
[WhiteElo "2428"]
[BlackElo "2127"]
[PlyCount "67"]
[EventDate "2021.01.10"]
[EventType "swiss (blitz)"]
[EventRounds "11"]
[EventCountry "FRA"]
[SourceTitle "CBM 200 Extra"]
[Source "ChessBase"]
[SourceDate "2021.03.31"]
[SourceVersion "1"]
[SourceVersionDate "2021.03.31"]
[SourceQuality "1"]

1. e4 e5 2. Nf3 Nc6 3. Bb5 a6 4. Ba4 d6 5. d4 b5 6. Bb3 Nxd4 7. Nxd4 exd4 8. c3 dxc3 9. Nxc3 Be6 10. 0-0 Nf6 11. Qf3 Be7 12. e5 dxe5 13. Bxe6 fxe6 14. Qc6+ Kf7 15. Re1 Qd6 16. Qf3 Rhf8 17. Ne4 Qd5 18. Bg5 Kg8 19. Bxf6 Bxf6 20. Rad1 Qxa2 21. Nxf6+ gxf6 22. Rd7 Rf7 23. Qxa8+ Kg7 24. Qe8 Rxd7 25. Qxd7+ Kg6 26. h4 Qd5 27. Qxc7 Qd2 28. Re3 e4 29. Rg3+ Kf5 30. Qxh7+ Ke5 31. Qh5+ f5 32. Qh8+ Kd5 33. Qd8+ Kc4 34. Qxd2 1-0

[Event "Cappelle Online Blitz op 1st"]
[Site "Europe Echecs INT"]
[Date "2021.01.10"]
[Round "8"]
[White "Pigeat, Benoit"]
[Black "Marchyllie, Bruno"]
[Result "0-1"]
[WhiteElo "1873"]
[BlackElo "2127"]
[PlyCount "68"]
[EventDate "2021.01.10"]
[EventType "swiss (blitz)"]
[EventRounds "11"]
[EventCountry "FRA"]
[SourceTitle "CBM 200 Extra"]
[Source "ChessBase"]
[SourceDate "2021.03.31"]
[SourceVersion "1"]
[SourceVersionDate "2021.03.31"]
[SourceQuality "1"]

1. e4 e5 2. Nf3 Nc6 3. Bc4 Be7 4. 0-0 Nf6 5. d3 d6 6. h3 0-0 7. Be3 Be6 8. Bb3 d5 9. exd5 Nxd5 10. Nc3 Nxe3 11. fxe3 Bxb3 12. axb3 Bc5 13. Qe2 Qe7 14. Kh1 Rad8 15. e4 Nd4 16. Nxd4 exd4 17. Nd5 Rxd5 18. Qg4 Rg5 19. Qf3 a6 20. Rf2 f5 21. Re1 fxe4 22. Qxf8+ Qxf8 23. Rxf8+ Kxf8 24. Rxe4 Kf7 25. g4 h5 26. Kg2 hxg4 27. hxg4 Rd5 28. Kf3 Bd6 29. Re1 Re5 30. Rf1 g5 31. Rf2 Ke6 32. Kg2 Re3 33. Rd2 Bf4 34. Rf2 Rg3+ 0-1

[Event "Cappelle op 29th"]
[Site "Cappelle la Grande"]
[Date "2013.03.02"]
[Round "9"]
[White "Marchyllie, Bruno"]
[Black "Leharanger, Guillaume"]
[Result "0-1"]
[WhiteElo "2162"]
[BlackElo "1911"]
[PlyCount "122"]
[EventDate "2013.02.23"]
[EventType "swiss"]
[EventRounds "9"]
[EventCountry "FRA"]
[SourceTitle "CBM 153 Extra"]
[Source "ChessBase"]
[SourceDate "2013.04.22"]
[SourceVersion "1"]
[SourceVersionDate "2013.04.22"]
[SourceQuality "1"]

1. e4 c5 2. d4 cxd4 3. c3 dxc3 4. Nxc3 e6 5. Nf3 Ne7 6. Bg5 f6 7. Be3 Ng6 8. Bc4 Nc6 9. 0-0 a6 10. Qe2 b5 11. Bb3 Be7 12. Rfd1 Qc7 13. Rac1 0-0 14. h4 Kh8 15. h5 Nge5 16. Nd4 Nxd4 17. Bxd4 Nc6 18. Be3 Bd6 19. h6 g6 20. Qd2 Bh2+ 21. Kh1 Qe5 22. g3 Bxg3 23. fxg3 Qxg3 24. Bg1 b4 25. Na4 Qh4+ 26. Bh2 Qxe4+ 27. Qg2 Qe3 28. Rc4 Na5 29. Re4 Qxh6 30. Nc5 Qh5 31. Rc1 Nxb3 32. axb3 d6 33. Nxe6 Bb7 34. Rc7 Bd5 35. Nxf8 Rxf8 36. Kg1 Qd1+ 37. Qf1 Qxf1+ 38. Kxf1 Bxe4 39. Bxd6 Re8 40. Bxb4 Re6 41. Bc3 Kg8 42. Kf2 h5 43. b4 g5 44. Kg3 Bg6 45. Rb7 Bd3 46. Rd7 Bb5 47. Rc7 Kf8 48. Bd4 f5 49. Rg7 f4+ 50. Kf3 Bc6+ 51. Kf2 g4 52. Rg5 g3+ 53. Kf1 Be4 54. Rxh5 f3 55. Bf2 Bd3+ 56. Kg1 gxf2+ 57. Kxf2 Be2 58. Rh7 Re7 59. Rh8+ Kf7 60. Rb8 Ke6 61. Rd8 Rd7 0-1

[Event "Cappelle op 29th"]
[Site "Cappelle la Grande"]
[Date "2013.02.25"]
[Round "4"]
[White "Semcesen, Daniel"]
[Black "Marchyllie, Bruno"]
[Result "1-0"]
[WhiteElo "2479"]
[BlackElo "2162"]
[PlyCount "69"]
[EventDate "2013.02.23"]
[EventType "swiss"]
[EventRounds "9"]
[EventCountry "FRA"]
[SourceTitle "CBM 153 Extra"]
[Source "ChessBase"]
[SourceDate "2013.04.22"]
[SourceVersion "1"]
[SourceVersionDate "2013.04.22"]
[SourceQuality "1"]

1. c4 e5 2. Nc3 c5 3. g3 Nc6 4. Bg2 d6 5. e3 Be6 6. b3 Qd7 7. Bb2 Nf6 8. a3 Be7 9. Nd5 Bd8 10. h3 0-0 11. Ne2 Re8 12. Nec3 Rb8 13. d3 a6 14. Qf3 Bxd5 15. cxd5 Ne7 16. 0-0 Ba5 17. e4 b5 18. Nd1 Rec8 19. Qe2 Bb6 20. Ne3 Qa7 21. Rfc1 h6 22. Kh2 Rb7 23. a4 Qb8 24. a5 Ba7 25. Rc2 Qc7 26. f4 Ng6 27. Nf5 Qd8 28. Rf1 Bb8 29. h4 c4 30. bxc4 bxc4 31. dxc4 Qxa5 32. h5 Ne7 33. fxe5 dxe5 34. Nxe7+ Rxe7 35. Rxf6 1-0

[Event "La Fere op 10th"]
[Site "La Fere"]
[Date "2011.07.04"]
[Round "3.2"]
[White "Houriez, Clement"]
[Black "Marchyllie, Bruno"]
[Result "1-0"]
[WhiteElo "2328"]
[BlackElo "2143"]
[PlyCount "87"]
[EventDate "2011.07.02"]
[EventType "swiss"]
[EventRounds "9"]
[EventCountry "FRA"]
[SourceTitle "EXT 2012"]
[Source "ChessBase"]
[SourceDate "2011.11.24"]
[SourceVersion "1"]
[SourceVersionDate "2011.11.24"]
[SourceQuality "1"]

1. Nf3 d5 2. d4 Nf6 3. c4 c6 4. e3 a6 5. Nc3 b5 6. b3 g6 7. Bd3 Bg7 8. Qc2 0-0 9. 0-0 Bg4 10. Ne5 Be6 11. Ne2 Nfd7 12. Nxd7 Nxd7 13. cxd5 cxd5 14. Nf4 Qb6 15. a4 Rfc8 16. Qe2 b4 17. a5 Qd6 18. Bd2 Bf5 19. Ra4 Bxd3 20. Nxd3 e5 21. Bxb4 Qe6 22. dxe5 Nxe5 23. Rd1 Nxd3 24. Qxd3 Rab8 25. Be1 Rb5 26. Ra2 d4 27. exd4 Rxb3 28. Qe2 Qd6 29. Rc2 Rcb8 30. Qe4 Qd7 31. d5 Re8 32. Qc4 Rb5 33. g3 Rd8 34. d6 Qf5 35. Qd3 Qe6 36. Re2 Re5 37. Rxe5 Bxe5 38. d7 h5 39. h4 f5 40. Bb4 f4 41. Qe4 fxg3 42. fxg3 Qg4 43. Qxg4 hxg4 44. Be7 1-0

[Event "La Fere op 10th"]
[Site "La Fere"]
[Date "2011.07.02"]
[Round "1.15"]
[White "Marchyllie, Bruno"]
[Black "Hutin, Evgueny"]
[Result "1-0"]
[WhiteElo "2143"]
[BlackElo "1923"]
[PlyCount "37"]
[EventDate "2011.07.02"]
[EventType "swiss"]
[EventRounds "9"]
[EventCountry "FRA"]
[SourceTitle "EXT 2012"]
[Source "ChessBase"]
[SourceDate "2011.11.24"]
[SourceVersion "1"]
[SourceVersionDate "2011.11.24"]
[SourceQuality "1"]

1. e4 c5 2. Nc3 e6 3. g3 Nc6 4. Bg2 Nf6 5. d3 d5 6. f4 dxe4 7. Nxe4 Be7 8. Ne2 0-0 9. 0-0 Qc7 10. N2c3 b6 11. f5 exf5 12. Bf4 Qd7 13. Nxf6+ Bxf6 14. Nd5 Bd4+ 15. Kh1 Bb7 16. c3 Be5 17. Qh5 Bxf4 18. Rxf4 Ne5 19. Rh4 1-0

[Event "Fourmies op 35th"]
[Site "Fourmies"]
[Date "2011.06.12"]
[Round "3"]
[White "Marchyllie, Bruno"]
[Black "Janev, Evgeni"]
[Result "0-1"]
[WhiteElo "2158"]
[BlackElo "2500"]
[PlyCount "72"]
[EventDate "2011.06.11"]
[EventType "swiss"]
[EventRounds "7"]
[EventCountry "FRA"]
[SourceTitle "CBM 142 Extra"]
[Source "ChessBase"]
[SourceDate "2011.06.27"]
[SourceVersion "1"]
[SourceVersionDate "2011.06.27"]
[SourceQuality "1"]

1. e4 d6 2. d4 Nf6 3. Bd3 g6 4. f4 Bg7 5. Nf3 0-0 6. Qe2 c5 7. dxc5 Qa5+ 8. Bd2 Qxc5 9. Nc3 Bg4 10. h3 Bxf3 11. Qxf3 Nc6 12. a3 Rac8 13. Be3 Qa5 14. 0-0 Nd7 15. Rab1 Bxc3 16. bxc3 Qxc3 17. Rxb7 Nc5 18. Bxc5 Qxc5+ 19. Qf2 Qxa3 20. f5 Qc3 21. Kh1 a5 22. Qh4 Qe5 23. f6 exf6 24. Rxf6 Rb8 25. Rxb8 Rxb8 26. g4 a4 27. g5 Rb4 28. Qg4 Ne7 29. h4 d5 30. Qd7 Rb8 31. Qxa4 Qg3 32. exd5 Nf5 33. Bf1 Qf2 34. Rxf5 gxf5 35. Bg2 f4 36. Qe4 Rb1+ 0-1

[Event "Cappelle op 27th"]
[Site "Cappelle la Grande"]
[Date "2011.02.27"]
[Round "2"]
[White "Marchyllie, Bruno"]
[Black "Butkiewicz, Lukasz"]
[Result "0-1"]
[WhiteElo "2146"]
[BlackElo "2394"]
[PlyCount "116"]
[EventDate "2011.02.26"]
[EventType "swiss"]
[EventRounds "9"]
[EventCountry "FRA"]
[SourceTitle "CBM 141 Extra"]
[Source "ChessBase"]
[SourceDate "2011.05.03"]
[SourceVersion "1"]
[SourceVersionDate "2011.05.03"]
[SourceQuality "1"]

1. e4 c5 2. Nc3 a6 3. g3 b5 4. Bg2 Bb7 5. d3 e6 6. Nf3 Nc6 7. 0-0 d6 8. Bf4 e5 9. Bg5 Be7 10. Qd2 h6 11. Be3 Nf6 12. Nh4 g6 13. Rae1 Ng4 14. Nd5 Bxh4 15. gxh4 Qxh4 16. h3 Nxe3 17. fxe3 0-0 18. Rf6 Rad8 19. Ref1 Bc8 20. Kh2 h5 21. R1f3 Kg7 22. Qc1 Rde8 23. Rxd6 Re6 24. Rxe6 Bxe6 25. Qf1 Ne7 26. Nc7 Bc8 27. b3 Ng8 28. Qa1 Qe7 29. Nd5 Qd6 30. c4 Be6 31. Qe1 g5 32. Qg3 f6 33. Kg1 h4 34. Qe1 Ne7 35. Qf2 Bc8 36. Qd2 Nc6 37. Rf2 Be6 38. Kh2 Bxd5 39. exd5 Ne7 40. e4 Ng6 41. Rf5 Nf4 42. Qc2 Qb6 43. Qd1 Qa5 44. Rxf4 exf4 45. Qg4 Qe1 46. Bf3 Qf2+ 47. Qg2 Qg3+ 48. Kh1 Qe1+ 49. Kh2 Qc3 50. Be2 bxc4 51. dxc4 Qg3+ 52. Kh1 Re8 53. Bf3 Kf8 54. Qe2 Qxh3+ 55. Kg1 Qg3+ 56. Kh1 h3 57. b4 h2 58. Qg2 Rb8 0-1

[Event "La Fere op"]
[Site "La Fere"]
[Date "2010.07.06"]
[Round "5"]
[White "Marchyllie, Bruno"]
[Black "Laurent, Bruno"]
[Result "1-0"]
[WhiteElo "2142"]
[BlackElo "2351"]
[PlyCount "31"]
[EventDate "2010.07.03"]
[EventType "swiss"]
[EventRounds "9"]
[EventCountry "FRA"]
[SourceTitle "CBM 137 Extra"]
[Source "ChessBase"]
[SourceDate "2010.09.01"]
[SourceVersion "1"]
[SourceVersionDate "2010.09.01"]
[SourceQuality "1"]

1. e4 e6 2. Nc3 d5 3. g3 Nf6 4. Bg2 Nc6 5. d3 Bb4 6. Bd2 0-0 7. Nge2 a5 8. 0-0 b6 9. Bg5 dxe4 10. Nxe4 Bb7 11. Nxf6+ gxf6 12. Bh6 Re8 13. Nd4 Qxd4 14. c3 Bf8 15. cxd4 Bxh6 16. Qh5 1-0

[Event "La Fere op"]
[Site "La Fere"]
[Date "2010.07.04"]
[Round "2"]
[White "Fomichenko, Eduard"]
[Black "Marchyllie, Bruno"]
[Result "1-0"]
[WhiteElo "2462"]
[BlackElo "2142"]
[PlyCount "81"]
[EventDate "2010.07.03"]
[EventType "swiss"]
[EventRounds "9"]
[EventCountry "FRA"]
[SourceTitle "CBM 137 Extra"]
[Source "ChessBase"]
[SourceDate "2010.09.01"]
[SourceVersion "1"]
[SourceVersionDate "2010.09.01"]
[SourceQuality "1"]

1. Nf3 Nc6 2. d4 d6 3. d5 Nb8 4. c4 e5 5. e4 g6 6. Nc3 Bg7 7. Be2 Nh6 8. 0-0 0-0 9. b4 a5 10. bxa5 Na6 11. Nd2 f5 12. Nb3 f4 13. Ba3 Rf6 14. c5 g5 15. f3 Bd7 16. Rc1 Rg6 17. c6 bxc6 18. dxc6 Be6 19. Bxa6 Rxa6 20. Nc5 Rxa5 21. Nxe6 Rxe6 22. Qb3 Kf7 23. h3 Ng8 24. Rfd1 Bf8 25. Rd5 Ra6 26. Nb5 Rb6 27. Bb4 Nf6 28. Ba5 Qb8 29. Rxd6 Bxd6 30. Nxd6+ cxd6 31. Qxb6 Qxb6+ 32. Bxb6 Re8 33. Rd1 Ke6 34. a4 Rc8 35. Rc1 d5 36. a5 d4 37. Kf2 Ne8 38. a6 Kd6 39. a7 Nc7 40. Bc5+ Ke6 41. Rb1 1-0

[Event "Fourmies op 34th"]
[Site "Fourmies"]
[Date "2010.05.23"]
[Round "3"]
[White "Hanot, Wilfried"]
[Black "Marchyllie, Bruno"]
[Result "0-1"]
[WhiteElo "1891"]
[BlackElo "2132"]
[PlyCount "86"]
[EventDate "2010.05.22"]
[EventType "swiss"]
[EventRounds "7"]
[EventCountry "FRA"]
[SourceTitle "CBM 136 Extra"]
[Source "ChessBase"]
[SourceDate "2010.07.02"]
[SourceVersion "2"]
[SourceVersionDate "2010.07.15"]
[SourceQuality "1"]

1. e4 Nf6 2. Nc3 e5 3. Bc4 Bc5 4. Nf3 Nc6 5. d3 h6 6. h3 d6 7. Be3 Bxe3 8. fxe3 Na5 9. Bb3 Nxb3 10. axb3 c6 11. Qe2 Qe7 12. Rf1 b6 13. Rf2 Be6 14. Na4 Qc7 15. c4 Ke7 16. Nc3 b5 17. Qd2 b4 18. Ne2 c5 19. Nh2 a5 20. Kf1 Ra7 21. Kg1 Rha8 22. Qd1 Qd7 23. Rf1 a4 24. bxa4 Rxa4 25. Rxa4 Rxa4 26. b3 Ra2 27. Nc1 Ra1 28. Qc2 Qa7 29. Nf3 Qa8 30. Nh4 Qa3 31. Nf5+ Bxf5 32. exf5 Nh5 33. Kh2 Qa8 34. g4 Nf6 35. e4 Nd7 36. Qf2 Qa3 37. Qc2 f6 38. Kg3 Nb8 39. Kf2 Nc6 40. Ne2 Ra2 41. Qd1 Nd4 42. Re1 Nxb3 43. Kf1 Qb2 0-1

[Event "Fourmies op 34th"]
[Site "Fourmies"]
[Date "2010.05.23"]
[Round "4"]
[White "Marchyllie, Bruno"]
[Black "Levy, Claude"]
[Result "0-1"]
[WhiteElo "2132"]
[BlackElo "1783"]
[PlyCount "102"]
[EventDate "2010.05.22"]
[EventType "swiss"]
[EventRounds "7"]
[EventCountry "FRA"]
[SourceTitle "CBM 136 Extra"]
[Source "ChessBase"]
[SourceDate "2010.07.02"]
[SourceVersion "2"]
[SourceVersionDate "2010.07.15"]
[SourceQuality "1"]

1. e4 e6 2. d4 d5 3. e5 c5 4. c3 Nc6 5. Nf3 Qb6 6. dxc5 Bxc5 7. Qc2 Bd7 8. Bd3 Be7 9. Bf4 Rc8 10. Qe2 d4 11. 0-0 dxc3 12. Nxc3 Nd4 13. Nxd4 Qxd4 14. Ne4 Nh6 15. Rfd1 Qb6 16. Be3 Qa5 17. Bxh6 gxh6 18. Qh5 Bc6 19. Rac1 Rd8 20. a3 Qa4 21. Nc3 Qf4 22. Ne2 Qg5 23. Qxg5 hxg5 24. Ng3 h5 25. Be4 Bxe4 26. Rxd8+ Kxd8 27. Nxe4 b6 28. f3 Kd7 29. Kf2 Rc8 30. Rxc8 Kxc8 31. f4 gxf4 32. Kf3 Kd7 33. Kxf4 Kc6 34. g4 hxg4 35. Kxg4 Kd5 36. Kf4 Kc4 37. Nd6+ Kb3 38. Nxf7 Kxb2 39. Nd6 Kxa3 40. Nb5+ Ka4 41. Nxa7 b5 42. Ke4 b4 43. Kd3 b3 44. Nc8 Bf8 45. Nb6+ Ka3 46. Nc4+ Ka2 47. Kc3 Bg7 48. Kd4 b2 49. Nxb2 Kxb2 50. h4 Kb3 51. h5 Kb4 0-1